Manual de organización y funciones para la oficina WMS de importadora y distribuidora OCAL S.A
El manual de organización y de funciones esta direccionado a mejorar el desempeño de los colaboradores en una función determinada, así mismos el manual permite el diseño y ejecución de técnicas de control, seguimiento y evaluación.
| Main Authors: | , , |
|---|---|
| Other Authors: | |
| Format: | Tesis Section = Libro |
| Language: | Undetermined Spanish |
| Published: |
Managua
UNI
2013
|
| Subjects: |
| LEADER | 01255nam a2200265Ia 4500 | ||
|---|---|---|---|
| 008 | 240830s9999 xx 000 0 und d | ||
| 040 | |a BIBLIOTECA-RUPAP T.Mon 658.402 B224 | ||
| 041 | |a spa | ||
| 082 | |a T.Mon 658.402 B224 | ||
| 100 | 1 | |a Barahona Talavera, Alejandro Antonio, | |
| 100 | 1 | |b Solórzano Oporta, Carlos Augusto | |
| 100 | 1 | |c Loasiga Quintero, William Gabriel | |
| 245 | 1 | 0 | |a Manual de organización y funciones para la oficina WMS de importadora y distribuidora OCAL S.A |
| 260 | |a Managua |b UNI |c 2013 | ||
| 300 | |a 55 p. :il. | ||
| 500 | |a Contiene: anexos e Incluye: CD. | ||
| 502 | |a Tesis (Ingeniero de Sistemas)- UNI, 2013. | ||
| 520 | 3 | |a El manual de organización y de funciones esta direccionado a mejorar el desempeño de los colaboradores en una función determinada, así mismos el manual permite el diseño y ejecución de técnicas de control, seguimiento y evaluación. | |
| 650 | 7 | |a ORGANIZACION INTERNA - MANUAL DE FUNCIONES - OFICINA WWS DE IMPORTACIONES Y DISTRIBUIDORA OCAL S.A | |
| 650 | 7 | |b ADMINISTRACION DE RECURSOS HUMANOS | |
| 650 | 7 | |c MANUAL ORGANIZACION - DESCRIPCION Y ANALISIS DE PUESTO | |
| 700 | 1 | |a Tutor: |b Zúñiga Morales, Gonzalo de Jesús | |
| 942 | |c BK |2 ddc | ||
| 991 | |a TESIS | ||
| 999 | |c 18594 | ||